| 000 | 01057cab a2200301 4500 | ||
|---|---|---|---|
| 001 | X1558 | ||
| 008 | 090401t1994 xxu||||| |||| 00| 0 eng d | ||
| 035 | _a(Sirsi) u17714 | ||
| 041 | _aeng | ||
| 100 | _aHenry, J. | ||
| 245 | _aAerial photography and engineering geology in New South Wales | ||
| 260 | _c1994 | ||
| 350 | _a0 | ||
| 490 |
_aCSM (Chartered Surveyor Monthly) _v3(9) June 1994, 40-41(2) |
||
| 520 | _aReports on how three-dimensional aerial photography can identify landscapes at risk of failure, in New South Wales, preventing serious disasters and even loss of life. Discusses factors such as landslips and slope instability and prefailure conditions and recommends solutions to certain problems. | ||
| 650 | _aAERIAL PHOTOGRAPHY | ||
| 650 | _aAUSTRALIA | ||
| 650 | _aLANDSCAPE | ||
| 650 | _aLANDSLIP | ||
| 650 | _aNEW SOUTH WALES | ||
| 650 | _aPHOTOGRAMMETRIC SURVEYS | ||
| 650 | _aTOPOGRAPHY | ||
| 690 | _aLAND SURVEYING | ||
| 690 | _aLAND | ||
| 690 | _aMAPPING AND MEASUREMENT | ||
| 942 | _n0 | ||
| 948 | _c04/03/1997 | ||
| 999 |
_c11748 _d11748 |
||